| 000 | 00424nam a2200145 4500 | ||
|---|---|---|---|
| 999 |
_c511787 _d511787 |
||
| 008 | 191009b ||||| |||| 00| 0 eng d | ||
| 100 |
_aSofi, M.A. _912087 |
||
| 245 | _aAfter abrogation of Article 370: Cutting corners won't cut any ice | ||
| 260 | _bMainstream | ||
| 300 | _a57(39), 14 Sep, 2019: p.33-35. | ||
| 650 |
_aArticle 370 _912088 |
||
| 773 | _aMainstream | ||
| 906 | _aConstitution - India | ||
| 942 |
_2ddc _cAR |
||